Odpočet pokračuje

Bibliographic Details
Main Author: Sedláčiková, Emília (Author)
Format: Article
Language:Slovak
PhysicalDescription:Foogr.
ISSN:2453-7608
Subjects:

MARC

LEADER 00000nab a2200000 ar4500
001 vtls011721190
003 SK-MaSNL
005 20260305044713.0
008 171116c2017 xo sr|p|||||||000 b|slo
038 |a PPPK 
040 |a PPPKCL  |b slo  |c PPPKCL  |e AACR2 
041 0 |a slo 
044 |a xo  |c SK 
080 |a 725.826  |x (437.671)  |2 2011 
080 |a 796.028  |x (437.671)  |2 2011 
080 |a 69.059.3  |2 2011 
100 1 |a Sedláčiková, Emília  |4 aut  |9 1088001 
245 1 0 |a Odpočet pokračuje  |c Za rozhovor poďakovala E. Sedláčiková 
300 |b Foogr. 
500 |a Pán Milan Tkáč je konateľom spoločnosti Milanko, s. r. o. 
610 2 7 |a Zimný štadión (Kežmarok, Slovensko)  |2 pppkcl  |9 1037949 
650 0 7 |a zimné štadióny  |2 pppkcl  |9 76138 
650 0 7 |a športové zariadenia  |2 pppkcl  |9 59961 
650 0 7 |a rekonštrukcie stavieb  |2 pppkcl  |9 74886 
651 7 |a Kežmarok (Slovensko)  |2 pppkcl  |9 26808 
655 7 |a rozhovory  |2 pppkcl  |9 31831 
700 1 |a Tkáč, Milan  |4 ive  |9 442618 
773 0 |t Noviny Kežmarok : kultúrno-spoločenský mesačník mesta  |g Roč. 2, č. 11 (2017), s. 5  |x 2453-7608 
852 |a PPPK  |b KIS3GCP 
999 |c 3360139  |d 3362069